El ojo del tiempo / (Record no. 147573)

MARC details
000 -CABECERA
campo de control de longitud fija 00659nam a2200205 u 4500
005 - FECHA Y HORA DE LA ÚLTIMA TRANSACCIÓN
campo de control 20230310063614.0
008 - ELEMENTOS DE LONGITUD FIJA--INFORMACIÓN GENERAL
campo de control de longitud fija 100422s2007 es r 000 0 spa d
020 ## - NÚMERO INTERNACIONAL NORMALIZADO PARA LIBROS
Número Internacional Estándar del Libro 9788498003529
035 ## - NÚMERO DE CONTROL DEL SISTEMA
Número de control de sistema UPN01000175469
049 ## - COLECCIÓN
Colección CG
050 #4 - SIGNATURA TOPOGRÁFICA DE LA BIBLIOTECA DEL CONGRESO
Número de clasificación PR6005 L3.7
Número de documento/Ítem O4.6
100 1# - ASIENTO PRINCIPAL--NOMBRE PERSONAL
Nombre de persona Clarke, Arthur Charles,
Fechas asociadas al nombre 1917-2008
9 (RLIN) 31237
245 13 - MENCIÓN DE TÍTULO
Título El ojo del tiempo /
Mención de responsabilidad, etc. Arthur C. Clarke y Stephen Baxter ; tr. Paula Gamissans Serna.
260 ## - PUBLICACIÓN, DISTRIBUCIÓN, ETC.
Lugar de publicación, distribución, etc. Barcelona, Esp. :
Nombre del editor, distribuidor, etc. La Factoria de Ideas,
Fecha de publicación, distribución, etc. c2007.
300 ## - DESCRIPCIÓN FÍSICA
Extensión 315 p.
534 ## - NOTA SOBRE LA VERSIÓN ORIGINAL
Frase introductoria Título original:
Mención de título del original Time's eye
650 #4 - ASIENTO SECUNDARIO DE MATERIA - TERMINO TEMATICO
Término de materia o nombre geográfico como elemento de entrada Novela inglesa
9 (RLIN) 4471
700 1# - ASIENTO SECUNDARIO--NOMBRE DE PERSONAL
Nombre de persona Baxter, Stephen,
Fechas asociadas al nombre 1967-
Término indicativo de función/relación coaut.
9 (RLIN) 31238
905 ## - TIPO DE MATERIAL
Tipo de material Libro
Holdings
Estado de retiro Estado de pérdida Fuente del sistema de clasificación o colocación Estado dañado No para préstamo Código de colección Localización permanente Ubicación/localización actual Ubicación en estantería Total de préstamos Clasificación Código de barras Fecha visto por última vez Número de copia Tipo de ítem Koha
    Library of Congress Classification     Colección General Bib. Gregorio Torres Quintero Bib. Gregorio Torres Quintero Planta baja 5 PR6005 L3.7 O4.6 280826 31/12/2020 1 Libro
    Library of Congress Classification     Colección General Bib. Gregorio Torres Quintero Bib. Gregorio Torres Quintero Planta baja 1 PR6005 L3.7 O4.6 274100 31/12/2020 1 Libro